The History of the Renowned Don Quixote de la Mancha (Record no. 2959)

MARC details
000 -CABECERA
campo de control de longitud fija 01928nam a2200313 a 4500
001 - NÚMERO DE CONTROL
campo de control BRCA_3223
005 - FECHA Y HORA DE LA ÚLTIMA TRANSACCIÓN
campo de control 20190320204154.0
008 - DATOS DE LONGITUD FIJA--INFORMACIÓN GENERAL
campo de control de longitud fija 040309s1774----enka---###---#000-0#eng-#
041 ## - CÓDIGO DE LENGUA
Código de lengua del texto/banda sonora o título independiente eng
044 ## - CÓDIGO DEL PAÍS DE LA ENTIDAD EDITORA/PRODUCTORA
Código MARC del país enk
084 ## - OTRO NÚMERO DE CLASIFICACIÓN
Número de clasificación 524
Número de documento/Ítem .C666
-- 1774
100 1# - ENTRADA PRINCIPAL--NOMBRE DE PERSONA
Nombre de persona Cervantes Saavedra, Miguel de
Fechas asociadas al nombre 1547-1616
9 (RLIN) 213
245 10 - MENCIÓN DE TÍTULO
Título The History of the Renowned Don Quixote de la Mancha
Resto del título Being and Accurate, Complete and Most Entertaining Narrative of the Wonderful Achievements of that Incomparable Hero and Knigth Errant from his first Great Pursuit after Fame Inmortal, till the Close of his Celebrated Carrer: Including, Minutelly, every Curious Incident Attending his Faithful Squire and Servant Sancho Panza...
Mención de responsabilidad, etc. Translated from the Original Spanish of Miguel de Cervantes Saavedra by Henry Wilmot.
260 ## - PUBLICACIÓN, DISTRIBUCIÓN, ETC.
Lugar de publicación, distribución, etc. Londres
Nombre del editor, distribuidor, etc. J. Cooke
Fecha de publicación, distribución, etc. 1774
300 ## - DESCRIPCIÓN FÍSICA
Extensión 2 v.
Otras características físicas il.
Dimensiones 22 cm.
500 ## - NOTA GENERAL
Nota general Contenido : v.1 Primera parte. Introducción del editor. Noticia biográfica sobre Cervantes. Nota del traductor. -- v.2. Segunda parte. Prólogo del autor
500 ## - NOTA GENERAL
Nota general Traducción de Wilmot, considerada como fiel al texto, aunque el traductor afirma en su nota, que se ha ceñido al verdadero espíritu del original. Edición regularmente impresa e ilustrada con varias láminas de poco valor artístico, debidas a Wale. Semipiel; lomeras decoradas con filetes dorados Lúdovik Osterc
500 ## - NOTA GENERAL
Nota general Estado físico : vol. 1 cubierta ligeramente desprendida y primeras hojas desprendidas
500 ## - NOTA GENERAL
Nota general QM420
546 ## - NOTA DE LENGUA/LENGUAJE
Nota de lengua/lenguaje Texto en : inglés
650 14 - PUNTO DE ACCESO ADICIONAL DE MATERIA--TÉRMINO DE MATERIA
Término de materia o nombre geográfico como elemento de entrada Novela española
Subdivisión cronológica Época clásica, 1500-1700
9 (RLIN) 215
650 14 - PUNTO DE ACCESO ADICIONAL DE MATERIA--TÉRMINO DE MATERIA
Término de materia o nombre geográfico como elemento de entrada Literatura española
Subdivisión cronológica Época clásica, 1500-1700
9 (RLIN) 216
650 14 - PUNTO DE ACCESO ADICIONAL DE MATERIA--TÉRMINO DE MATERIA
Término de materia o nombre geográfico como elemento de entrada Novela española
Subdivisión cronológica Siglo XVII
9 (RLIN) 217
650 14 - PUNTO DE ACCESO ADICIONAL DE MATERIA--TÉRMINO DE MATERIA
Término de materia o nombre geográfico como elemento de entrada Don Quijote (Personaje ficticio)
Término indicativo de función/relación Novela
9 (RLIN) 218
700 1# - PUNTO DE ACCESO ADICIONAL--NOMBRE DE PERSONA
Nombre de persona Wilmot, Henry
Fechas asociadas al nombre 1612-1658
Término indicativo de función/relación Traductor
9 (RLIN) 8610
740 0# - PUNTO DE ACCESO ADICIONAL--TÍTULO RELACIONADO O ANALÍTICO NO CONTROLADO
Título relacionado o analítico no controlado El Ingenioso Hidalgo Don Quijote de la Mancha
902 ## - CATALOGADOR
Iniciales QFM
942 ## - ELEMENTOS DE PUNTO DE ACCESO ADICIONAL (KOHA)
Fuente del sistema de clasificación o colocación Library of Congress Classification
Tipo de ítem Koha Libros
Holdings
Estado de retiro Estado de pérdida Estado dañado No para préstamo Localización permanente Ubicación/localización actual Fecha de adquisición Número de inventario Total de préstamos Signatura topográfica completa Código de barras Fecha visto por última vez Precio válido a partir de Tipo de ítem Koha
El ejemplar forma parte de la colección y puede ser consultado según las políticas vigentes.       Biblioteca del Museo Franz Mayer (Rogerio Casas-Alatriste) Biblioteca del Museo Franz Mayer (Rogerio Casas-Alatriste) 04/03/2009 QM420   524 .C666 1774 (QM420) 3220 22/03/2019 22/03/2019 Libros